'K' Game Quiz Stats

 Plays Quiz Updated Oct 14, 2016

Score 0/33 Timer 07:00
13 Plays Today
% Correct
Kansas
89.8%
Kentucky
88.8%
Kenya
66.9%
Los Angeles Kings
65.9%
Sacramento Kings
65.9%
John F. Kennedy
64.1%
Kazakhstan
64%
Kappa
61.1%
Knife
55.5%
Kuwait
49.8%
King Lear
47.4%
Kyrgyzstan
47.2%
Kitchen
46.7%
New York Knicks
44.7%
Krypton
43.9%
Kingdom
41.3%
Kosovo
41%
% Correct
Kiribati
36.9%
Kingston, Jamaica
34.2%
Kyiv, Ukraine
26.7%
The King's Speech
26.5%
Kabul, Afghanistan
24.9%
Kuwait City, Kuwait
24.3%
Kuala Lumpur, Malaysia
24.2%
Kingstown, St Vincent & Gren.
22.3%
King John
20.8%
Kathmandu, Nepal
20.1%
Kamchatka
19.8%
Kinshasa, Dem. Rep. of the Congo
19.4%
Khartoum, Sudan
17.5%
Kampala, Uganda
17%
Kigali, Rwanda
16.7%
Kramer vs. Kramer
15.7%

You're not logged in!

Compare scores with friends on all Sporcle quizzes.
OR
Log In

Sporcle TV

Today on Sporcle TV


Watch our educational content, quiz creation guides, and fun videos on Sporcle TV.

Show Comments

Extras

Top Quizzes Today


Score Distribution

Your Account Isn't Verified!

In order to create a playlist on Sporcle, you need to verify the email address you used during registration. Go to your Sporcle Settings to finish the process.

Report this User

Report this user for behavior that violates our Community Guidelines.

Details: